000 00557nam a22001697a 4500
020 _qHard Cover.
082 _aBEE-5 TAH
100 _aTaha Mujahid.
245 _aHuman Physiological Parameter Monitoring /
_cMujahid, Taha
260 _aIslamabad:
_bSEECS-NUST,
_c2012.
300 _a42 p. :
_bill. ;
_c30cm.
650 _aBachelor in Electrical Engineering .
_955460
700 _aDr. Saad Bin Qaiser
_955476
856 _uhttp://10.250.8.41:8080/xmlui/handle/123456789/10713
942 _2ddc
_cPR
999 _c566325
_d566325